| 000 | 00702nam a2200205 a 4500 | ||
|---|---|---|---|
| 001 | EHB008667 | ||
| 005 | 20141120100221.0 | ||
| 008 | |||
| 020 | _a9781416500261 | ||
| 050 |
_aPQ 2287.M5 _b.H874w 2009 |
||
| 100 | 1 |
_aHugo, Victor Marie, _d1802-1885. |
|
| 245 | 1 | 0 |
_aLes miserables / _cby Victor Marie Hugo. |
| 260 |
_aNew York : _bSimon & Schuster Paperbacks, _c2009. |
||
| 300 |
_axx, 630 pages : _c17 cm. |
||
| 440 | _aSimon & Schuster enriched classic. | ||
| 650 | _aEpic literature. | ||
| 650 |
_aFrance _xSocial life and customs _x19th century _xFiction. |
||
| 650 |
_aParis (France) _xSocial life and customs _x19th century _xFiction. |
||
| 942 |
_2lcc _cBK |
||
| 999 |
_c276840 _d276840 |
||